000 00692cab a2200265 4500
001 ABS60473
008 090401t1999 xxu||||| |||| 00| 0 eng d
035 _a(Sirsi) u93197
041 _aeng
100 _aGrinfeld, A.
245 _aUse of contaminated land
260 _c1999
350 _a0
490 _aRIBA Journal
_v106 (5) May 1999, 94-95(2)
650 _aBROWNFIELD DEVELOPMENT
650 _aBROWNFIELD SITES
650 _aCONTAMINATED LAND
650 _aENVIRONMENT ACT 1995
650 _aEnvironment
_96238
650 _aENVIRONMENTAL PROTECTION ACT 1990
690 _aPROPERTY-PROPERTY DEVELOPMENT
700 _aGrinfeld, M
942 _n0
948 _c07/05/1999
999 _c59073
_d59073